000 00370nam a22001217a 4500
999 _c523782
_d523782
008 230926b ||||| |||| 00| 0 eng d
100 _aChowdhury, Srinjoy
_940842
245 _aIn Conversation Kazuo Suzuki and Ken Jimbo
260 _aIndia International Centre
300 _a50(1), Summer, 2023: p.94-109
773 _aIndia International Centre
942 _cAR